Vplyv hospodárskej a finančnej krízy na migračné politiky štátov EÚ diplomová práca

Salvato in:
Dettagli Bibliografici
Autore principale: Čičková, Tereza
Ente Autore: Národohospodárska fakulta EU. Katedra sociálneho rozvoja a práce
Altri autori: Přívara, Andrej, 1983-
Natura: Libro
Lingua:slovacco
Pubblicazione: Bratislava 2018
Tags: Aggiungi Tag
Nessun Tag, puoi essere il primo ad aggiungerne!!

MARC

LEADER 00000nbm a2200000 4500
001 0244380
005 20181114082317.3
041 0 |a slo 
044 |a SK 
245 1 0 |a Vplyv hospodárskej a finančnej krízy na migračné politiky štátov EÚ  |b diplomová práca  |c Tereza Čičková ; školiteľ: Andrej Přívara 
264 1 |a Bratislava  |c 2018 
300 |a 71 s. 
100 1 |a Čičková, Tereza 
700 1 |a Přívara, Andrej, 1983- 
710 2 |a Národohospodárska fakulta EU. Katedra sociálneho rozvoja a práce